000 01236nam a2200325 c 4500
003 BLK
005 20180422105037.0
008 180409b bul|||||r ||||||| ||bul||
010 _aKNG00101204000
020 _a954-769-026-4
_bиздат.: Обсидиан
040 _aBLK
041 _aBUL
_cBUL
080 _aБразилска литература
_b821.134.3(81)
_x-31
_z821.134.3(81)-31
100 1 _aКоелю, Паулу
_eпърви автор
_980439
700 1 _aПетрова, Даниела
_eпрев. от португ.
_9366318
139 _aКоелю, Паулу
_bК 73
245 1 0 _aВоинът на светлината
_bНаръчник
_cПаулу Коелю; прев. от португ. Даниела Петрова.
257 _aBRA
260 София
_bОбсидиан
_c2002
_fВ. Търново : Абагар
300 _a158 с.
_c20 см
380 _aX
490 1 _aБиблиотека Паулу Коелю
500 _aОриг. загл. Manual do guerreiro da luz / Paulo Coelho. - Офс. изд.
653 _aромани
852 _aЦб 211388
856 4 _qpdf
_u
856 4 _qpdf
_u
942 _cKNG
_n0
944 _aCR
_c01.01.2002
_kЦветанка_Енчева
944 _aED
_c20.02.2004
_k
999 _c96311
_d96311